000 00538nam a2200181Ia 4500
001 7650
005 20260306160511.0
008 260306t2011||||xx |||||||||||||| ||spa||
041 _aESP
082 _a352.1
_bS42 N° 7
100 _aMuñoz Marticorena, William
_eAUT
245 0 _aPerú:
_bla simplificación administrativa en el marco del proceso de modernización del estado: reformas de trámites empresariales
260 _c2011
300 _a71 páginas :
_c28 cm.
650 _aGEN
654 _aCAN
942 _cLIB
_dJUS
_fJUS
_2ddc
_n
999 _c7650
_d7650